Report of the Committee on Roads and Transport on the 2024 Annual Budget Estimates of the Ministry of Transport (Record no. 4026)

MARC details
000 -LEADER
fixed length control field 00597nam a2200169Ia 4500
003 - CONTROL NUMBER IDENTIFIER
control field OSt
005 - DATE AND TIME OF LATEST TRANSACTION
control field 20250205094545.0
008 - FIXED-LENGTH DATA ELEMENTS--GENERAL INFORMATION
fixed length control field 240429s9999||||xx |||||||||||||| ||und||
041 ## - LANGUAGE CODE
Language code of text/sound track or separate title eng
082 ## - DEWEY DECIMAL CLASSIFICATION NUMBER
Classification number CR/MoT/24 Acc. No. 8233
110 ## - MAIN ENTRY--CORPORATE NAME
Corporate name or jurisdiction name as entry element Committee On Roads & Transport Committee
245 #0 - TITLE STATEMENT
Title Report of the Committee on Roads and Transport on the 2024 Annual Budget Estimates of the Ministry of Transport
300 ## - PHYSICAL DESCRIPTION
Extent 14p: tabs
650 ## - SUBJECT ADDED ENTRY--TOPICAL TERM
Topical term or geographic name entry element Report of the Committee on Roads and Transport on the 2024 - Annual Budget Estimates of the Ministry of Transport
942 ## - ADDED ENTRY ELEMENTS (KOHA)
Koha item type Committee Reports
Source of classification or shelving scheme Dewey Decimal Classification
Holdings
Withdrawn status Lost status Source of classification or shelving scheme Damaged status Not for loan Home library Current library Shelving location Date acquired Total checkouts Full call number Date last seen Copy number Price effective from Koha item type
    Dewey Decimal Classification     Main Library Main Library Open Shelves 10/01/2024   CR/MoT/24 Acc. No. 8233 C1 29/04/2024 1 29/04/2024 Committee Reports
    Dewey Decimal Classification     Main Library Main Library Open Shelves 05/02/2025   CR/MoT/24 Acc. No. 8233 C2 05/02/2025 2 05/02/2025 Committee Reports
©2026  Parliament of Ghana Library - All rights reserved